بذل المجهود فى افحام اليهود / (Record no. 63385)
[ view plain ]
| 000 -الفاتح | |
|---|---|
| حقل البيانات ثابتة الطول | 00978nam a22002417a 4500 |
| 005 - وقت وتاريخ اخر تعامل مع التسجيلة | |
| رقم الضبط | 20240530110638.0 |
| 008 - عناصر البيانات ثابتة الطول - معلومات عامة | |
| حقل البيانات ثابتة الطول | 171001s2016 ua g 000 0 ara d |
| 017 ## - رقم الايداع القانونى | |
| رقم الايداع القانونى | 2016/19395 |
| المصدر ( الهيئة المختصة) | مصر. دار الكتب |
| 040 ## - مصدر الفهرسة | |
| وكالة الفهرسة الأصلية | EG-CaGPL |
| وكالة النسخ | EG-CaGPL |
| 082 04 - رقم تصنيف ديوى العشرى | |
| رقم الطبعة | 21 |
| رقم التصنيف | 216\ |
| رقم المادة | ا ب |
| 100 0# - المدخل الرئيسى - إسم شخصى | |
| الإسم الشخصى | السموأل بن يحيى . |
| 245 10 - بيان العنوان | |
| العنوان | بذل المجهود فى افحام اليهود / |
| بيان المسئوليه,etc | السموأل بن يحيى ، شمؤئيل بن يهودا بن ابون ؛ تقديم و تعليق هشام رشاد عزت . |
| 250 ## - بيان الطبعة | |
| بيان الطبعة | ط.1 |
| 260 ## - PUBLICATION, DISTRIBUTION, ETC. (IMPRINT) | |
| تاريخ النشر أو التوزيع | 2016 . |
| 300 ## - الوصف المادى | |
| التعداد | 96 ص ؛ |
| أبعاد الوعاء | 24 سم . |
| 650 07 - المدخل الاضافى بالموضوع-مصطلح موضوعى | |
| مصدر الرأس أو المصطلح | qrmak |
| مصطلح موضوعي | الاسلام |
| التقسيم الفرعي العام | دفع مطاعن |
| 650 07 - المدخل الاضافى بالموضوع-مصطلح موضوعى | |
| مصدر الرأس أو المصطلح | qrmak |
| مصطلح موضوعي | الاسلام واليهودية . |
| 650 07 - المدخل الاضافى بالموضوع-مصطلح موضوعى | |
| مصدر الرأس أو المصطلح | qrmak |
| مصطلح موضوعي | المسلمون واليهود . |
| 700 0# - المدخل الاضافى - اسم شخصى | |
| الإسم الشخصى | شمؤئيل بن يهودا بن ابون |
| 700 0# - المدخل الاضافى - اسم شخصى | |
| الإسم الشخصى | هشام رشاد عزت |
| الدور | مقدم و معلق . |
| 942 ## - عناصر المدخل الإضافي( كوها) | |
| مصدر التصنيف او مخطط الترفيف | Dewey Decimal Classification |
| Koha [default] item type | كتاب |
| 260 ## - PUBLICATION, DISTRIBUTION, ETC. (IMPRINT) | |
| -- | القاهرة : |
| -- | المؤلف ، |
| حالة التراجع | حالة الفقد | حالة تلف | ليس للاعارة | المكان المؤقت | الموقع الحالى | موقع الترفيف | تاريخ الاكتساب | اجمالي اﻻعارات | رقم الطلب | الباركود | تاريخ اخر مشاهدة | تاريخ تفعيل السعر | نوع وعاء كوها |
|---|---|---|---|---|---|---|---|---|---|---|---|---|---|
| مكتبة القاهرة الكبرى | مكتبة القاهرة الكبرى | القاعة الرئيسية | 10/03/2017 | 216\ ا ب | 163395 | 10/03/2017 | 10/03/2017 | كتاب |

